| 000 -LEADER |
| fixed length control field |
01216cam a2200349 i 4500 |
| 001 - CONTROL NUMBER |
| control field |
17667930 |
| 003 - CONTROL NUMBER IDENTIFIER |
| control field |
OSt |
| 005 - DATE AND TIME OF LATEST TRANSACTION |
| control field |
20241030082637.0 |
| 008 - FIXED-LENGTH DATA ELEMENTS--GENERAL INFORMATION |
| fixed length control field |
130321s2013 maua b 001 0 eng |
| 010 ## - LIBRARY OF CONGRESS CONTROL NUMBER |
| LC control number |
2012050531 |
| 020 ## - INTERNATIONAL STANDARD BOOK NUMBER |
| International Standard Book Number |
9780262019354 (hardcover : alk. paper) |
| 040 ## - CATALOGING SOURCE |
| Original cataloging agency |
DLC |
| Language of cataloging |
eng |
| Transcribing agency |
DLC |
| Description conventions |
rda |
| Modifying agency |
DLC |
| 042 ## - AUTHENTICATION CODE |
| Authentication code |
pcc |
| 050 00 - LIBRARY OF CONGRESS CALL NUMBER |
| Classification number |
Q175.32.K45 |
| Item number |
Y36 2013 |
| 080 ## - UNIVERSAL DECIMAL CLASSIFICATION NUMBER |
| Universal Decimal Classification number |
001 |
| Item number |
Y-22 |
| 082 00 - DEWEY DECIMAL CLASSIFICATION NUMBER |
| Classification number |
001.01 |
| Edition number |
23 |
| 100 1# - MAIN ENTRY--PERSONAL NAME |
| Personal name |
Yanofsky, Noson S., |
| Dates associated with a name |
1967- |
| 245 14 - TITLE STATEMENT |
| Title |
The outer limits of reason : |
| Remainder of title |
what science, mathematics, and logic cannot tell us / |
| Statement of responsibility, etc. |
Noson S. Yanofsky. |
| 260 ## - PUBLICATION, DISTRIBUTION, ETC. |
| Place of publication, distribution, etc. |
Cambridge, Massachusetts : |
| Name of publisher, distributor, etc. |
The MIT Press, |
| Date of publication, distribution, etc. |
[2013] |
| 300 ## - PHYSICAL DESCRIPTION |
| Extent |
xiv, 403 p. |
| Other physical details |
illustrations ; |
| Dimensions |
24 cm |
| 336 ## - CONTENT TYPE |
| Content type term |
text |
| Source |
rdacontent |
| 337 ## - MEDIA TYPE |
| Media type term |
unmediated |
| Source |
rdamedia |
| 338 ## - CARRIER TYPE |
| Carrier type term |
volume |
| Source |
rdacarrier |
| 504 ## - BIBLIOGRAPHY, ETC. NOTE |
| Bibliography, etc. note |
Includes bibliographical references (pages [379]-391) and index. |
| 650 #0 - SUBJECT ADDED ENTRY--TOPICAL TERM |
| Topical term or geographic name entry element |
Knowledge, Theory of. |
| 650 #0 - SUBJECT ADDED ENTRY--TOPICAL TERM |
| Topical term or geographic name entry element |
Science |
| General subdivision |
Philosophy. |
| 650 #0 - SUBJECT ADDED ENTRY--TOPICAL TERM |
| Topical term or geographic name entry element |
Mathematics |
| General subdivision |
Philosophy. |
| 653 ## - INDEX TERM--UNCONTROLLED |
| Uncontrolled term |
ფილოსოფია |
| 906 ## - LOCAL DATA ELEMENT F, LDF (RLIN) |
| a |
7 |
| b |
cbc |
| c |
orignew |
| d |
1 |
| e |
ecip |
| f |
20 |
| g |
y-gencatlg |
| 942 ## - ADDED ENTRY ELEMENTS (KOHA) |
| Source of classification or shelving scheme |
|
| Koha item type |
Books |